Les capitales des pays des Caraïbes - Statistiques

Statistiques générales
  • Ce quiz a été pris 245 fois
  • Le résultat moyen est 10 sur 13
Statistiques - réponses
Pays Capitales % Correct
Cuba La Havane
98%
Jamaïque Kingston
90%
Saint-Vincent-et-les Grenadines Kingstown
90%
Haïti Port au Prince
90%
Bahamas Nassau
88%
République dominicaine Saint-Domingue
87%
Trinité-et-Tobago Port-d'Espagne
76%
Dominique Roseau
73%
Sainte-Lucie Castries
68%
Antigua-et-Barbuda Saint John's
67%
Barbade Bridgetown
61%
Grenade Saint George’s
61%
Saint-Christophe-et-Niévès Basseterre
59%
Aucun quiz correspondant
Distribution des résultats
% des personnes avec chaque résultat
Percentile par nombre de réponses
Votre historique - résultats
Vous n’avez pas pris ce quiz